In vitro καλλιέργεια κυττάρων από γονιμοποιημένα αυγά λαβρακιού : Dicentrarchus labrax, L. : πτυχιακή εργασία

Διάφορα θρεπτικά υποστρώματα χρησιμοποιήθηκαν για τον πολλαπλασιασμό και τη διατήρηση εμβρυϊκής σειράς κυττάρων που απομονώθηκαν από αυγά λαβρακιού από την Υδατοκαλλιέργεια Νηρεύς Α.Ε. της Χίου. Τα θρεπτικά υποστρώματα που χρησιμοποιήθηκαν ήταν λέκιθος όρνιθας, που αποτελούσε το βασικό υλικό καλλιέρ...

Πλήρης περιγραφή

Αποθηκεύτηκε σε:
Λεπτομέρειες βιβλιογραφικής εγγραφής
Κύριος συγγραφέας: Τζωρτζάτος, Οδυσσέας Παναγιώτης
Συγγραφή απο Οργανισμό/Αρχή: Πανεπιστήμιο Αιγαίου Σχολή Περιβάλλοντος Τμήμα Επιστημών της Θάλασσας
Μορφή: Thesis Βιβλίο
Γλώσσα:Greek
Δημοσίευση: 2016.
Θέματα:
Διαθέσιμο Online:http://hdl.handle.net/11610/18744
Ετικέτες: Προσθήκη ετικέτας
Δεν υπάρχουν, Καταχωρήστε ετικέτα πρώτοι!

MARC

LEADER 00000cam a2200000 a 4500
001 1/118784
008 190522s2016####gr | ||| |||| ||gre||
040 |a GR-MyUa  |b gre  |c GR-MyUa  |e AACR2 
041 0 |a gre 
082 7 |a 597.736  |2 (23) 
100 1 |a Τζωρτζάτος, Οδυσσέας Παναγιώτης. 
245 1 4 |a In vitro καλλιέργεια κυττάρων από γονιμοποιημένα αυγά λαβρακιού : Dicentrarchus labrax, L. :   |b πτυχιακή εργασία /   |c Τζωρτζάτος Οδυσσέας Παναγιώτης ; επιβλέπων καθηγητής : Μπακόπουλος Βασίλης.  
260 |c 2016.  
300 |a 41 σ. :   |b διαγρ., εικ., φωτ. ;   |c 29 εκ.  
502 # # |a Πτυχιακή εργασία – Πανεπιστήμιο Αιγαίου, Λέσβος, 2016. 
506 0
520 8 |a Διάφορα θρεπτικά υποστρώματα χρησιμοποιήθηκαν για τον πολλαπλασιασμό και τη διατήρηση εμβρυϊκής σειράς κυττάρων που απομονώθηκαν από αυγά λαβρακιού από την Υδατοκαλλιέργεια Νηρεύς Α.Ε. της Χίου. Τα θρεπτικά υποστρώματα που χρησιμοποιήθηκαν ήταν λέκιθος όρνιθας, που αποτελούσε το βασικό υλικό καλλιέργειας των κυττάρων αλλά και λέκιθος αυγών λαβρακιού και Leibovitz (L-15) Medium. Σε όλες τις δοκιμές τα αποτελέσματα δεν ήταν ικανοποιητικά καθώς εκτός από την επιμόλυνση των καλλιεργειών με ζυμομύκητες (Saccharomyces cerevisiae), που αποφεύχθηκε αρκετά στην τρίτη δοκιμή με την προσθήκη Amphotericin B, τα κύτταρα δεν κατάφεραν να πολλαπλασιαστούν, εκτός από 1-2 κύτταρα μετά την προσθήκη ινσουλίνης. Παρόλα αυτά, τα κύτταρα μπορούσαν να διατηρηθούν στα υποστρώματα αυτά. Σε μελλοντική, όμως, προσέγγιση θα χρειαστεί να γίνουν δοκιμές με επιπλέον υλικά που θα βοηθήσουν στον πολλαπλασιασμό των κυττάρων. 
540 |a Κλειδωμένη η δυνατότητα αντιγραφής (copy) από το ηλεκτρονικό κείμενο.  
650 0 |a European seabass. 
650 0 |a Fishes  |x Microbiology. 
650 0 |a Aquaculture. 
700 1 |a Μπακόπουλος, Βασίλης,  |e dgs 
710 2 |a Πανεπιστήμιο Αιγαίου  |b Σχολή Περιβάλλοντος  |b Τμήμα Επιστημών της Θάλασσας. 
852 |a INST  |b LESVOS  |c DIATR  |e 20190522  |h 982  |p 005100032442  |q 005100032442  |t DIE  |y 23 
856 |u http://hdl.handle.net/11610/18744 
924 |a Τζωρτζάτος  |b Οδυσσέας  |y Λέσβος  |z 2016-11 
970 |a Καμάτσου  |b Δέσποινα  |z 22-05-2019